Hombres buenos / (Record no. 119221)

MARC details
000 -LEADER
campo de control de longitud fija 02597cam a2200385 i 4500
003 - IDENTIFICADOR DE NÚMERO DE CONTROL
campo de control BJBSDDR
005 - FECHA Y HORA DE LA ÚLTIMA TRANSACCIÓN
campo de control 20230815125019.0
007 - CAMPO FIJO DE DESCRIPCIÓN FÍSICA--INFORMACIÓN GENERAL
campo de control de longitud fija ta
008 - DATOS DE LONGITUD FIJA--INFORMACIÓN GENERAL
campo de control de longitud fija 150324s2015 sp 000 1 spa
020 ## - NÚMERO INTERNACIONAL ESTÁNDAR DEL LIBRO
Número Internacional Estándar del Libro 9788420403243
020 ## - NÚMERO INTERNACIONAL ESTÁNDAR DEL LIBRO
Número Internacional Estándar del Libro 8420403245
035 ## - NÚMERO DE CONTROL DEL SISTEMA
Número de control de sistema (SP-BaPL)pu150586253
040 ## - FUENTE DE CATALOGACIÓN
Centro catalogador/agencia de origen DLC
Lengua de catalogación spa
Centro/agencia transcriptor DLC
041 ## - CÓDIGO DE IDIOMA
Código de lengua del texto/banda sonora o título independiente spa
042 ## - CÓDIGO DE AUTENTICACIÓN
Código de autenticación pcc
050 14 - SIGNATURA TOPOGRÁFICA DE LA BIBLIOTECA DEL CONGRESO
Número de clasificación PQ 6666
Número de ítem P438h 2015
082 00 - NÚMERO DE LA CLASIFICACIÓN DECIMAL DEWEY
Número de clasificación 863.6
100 1# - ENTRADA PRINCIPAL--NOMBRE DE PERSONA
Nombre de persona Pérez-Reverte, Arturo,
Fechas asociadas al nombre 1951-
9 (RLIN) 10348
245 10 - MENCIÓN DEL TÍTULO
Título Hombres buenos /
Mención de responsabilidad, etc. Arturo Pérez-Reverte.
250 ## - MENCION DE EDICION
Mención de edición 5a edición
264 #1 - PRODUCCIÓN, PUBLICACIÓN, DISTRIBUCIÓN, FABRICACIÓN Y COPYRIGHT
Producción, publicación, distribución, fabricación y copyright Barcelona :
Nombre del de productor, editor, distribuidor, fabricante Alfaguara,
Fecha de producción, publicación, distribución, fabricación o copyright 2015.
300 ## - DESCRIPCIÓN FÍSICA
Extensión 582 páginas ;
Dimensiones 25 cm.
336 ## - TIPO DE CONTENIDO
Término de tipo de contenido text
Fuente rdacontent
337 ## - TIPO DE MEDIO
Nombre/término del tipo de medio unmediated
Fuente rdamedia
338 ## - TIPO DE SOPORTE
Nombre/término del tipo de soporte volume
Fuente rdacarrier
520 ## - RESUMEN, ETC.
Sumario, etc. La heroica aventura de quienes se atrevieron a cambiar el mundo con libros "En tiempos de oscuridad siempre hubo hombres buenos que lucharon por traer las luces y el progreso. Y otros que procuraron impedirlo". Arturo Pérez-Reverte A finales del siglo XVIII, cuando dos miembros de la Real Academia Española, el bibliotecario don Hermógenes Molina y el almirante don Pedro Zárate, recibieron de sus compañeros el encargo de viajar a París para conseguir de forma casi clandestina los 28 volúmenes de la Encyclopédie de D'Alembert y Diderot, que estaba prohibida en España, nadie podía sospechar que los dos académicos iban a enfrentarse a una peligrosa sucesión de intrigas, a un viaje de incertidumbres y sobresaltos que los llevaría, por caminos infestados de bandoleros e incómodas ventas y posadas, desde el Madrid ilustrado de Carlos III al París de los cafés, los salones, las tertulias filosóficas, la vida libertina y las agitaciones políticas en vísperas de la Revolución francesa. Basada en hechos y personajes reales, documentada con extremo rigor, conmovedora y fascinante en cada página, Hombres buenos narra la heroica aventura de quienes, orientados por las luces de la Razón, quisieron cambiar el mundo con libros cuando el futuro arrinconaba las viejas ideas y el ansia de libertad hacía tambalearse tronos y mundos establecidos."--Casadlelibro
650 #4 - PUNTO DE ACCESO ADICIONAL DE MATERIA--TÉRMINO DE MATERIA
Término de materia o nombre geográfico como elemento de entrada Novela española
9 (RLIN) 423
650 #4 - PUNTO DE ACCESO ADICIONAL DE MATERIA--TÉRMINO DE MATERIA
Término de materia o nombre geográfico como elemento de entrada Libros y lectura
Subdivisión de forma Novela
9 (RLIN) 31995
856 42 - LOCALIZACIÓN Y ACCESO ELECTRÓNICOS
Materiales especificados Contributor biographical information
Identificador Uniforme de Recursos <a href="http://www.loc.gov/catdir/enhancements/fy1515/2015425120-b.html">http://www.loc.gov/catdir/enhancements/fy1515/2015425120-b.html</a>
856 42 - LOCALIZACIÓN Y ACCESO ELECTRÓNICOS
Materiales especificados Publisher description
Identificador Uniforme de Recursos <a href="http://www.loc.gov/catdir/enhancements/fy1515/2015425120-d.html">http://www.loc.gov/catdir/enhancements/fy1515/2015425120-d.html</a>
906 ## - ELEMENTOS DE DATOS F LOCAL, LDF (RLIN)
a 7
b cbc
c origres
d 2
e ncip
f 20
g y-gencatlg
942 ## - ELEMENTOS DE ENTRADA SECUNDARIOS (KOHA)
Fuente del sistema de clasificación o colocación Clasificación de Library of Congress
Tipo de ítem Koha Libro
946 ## - PROCESAMIENTO DE INFORMACIÓN LOCAL (OCLC)
Iniciales del agente catalogador lmm
Holdings
Estatus retirado Estado de pérdida Fuente del sistema de clasificación o colocación Estado de daño No para préstamo Colección Biblioteca de origen Biblioteca actual Ubicación en estantería Fecha de adquisición Signatura topográfica completa Código de barras Visto por última vez Copia número Tipo de ítem Koha
    Clasificación de Library of Congress     Humanidades Biblioteca Juan Bosch Biblioteca Juan Bosch Humanidades (4to. Piso) 02/05/2023 PQ 6666 P438h 2015 00000138329 02/05/2023 1 Libro